Score 0/14 Timer 02:00
0 Plays Today
Answer % Correct
TON
96.7%
TAN
96.4%
#TOE#
96.1%
#FOUR#
92.7%
TOUR
89.5%
#TIC#
84.9%
LONE
84%
Answer % Correct
#TAC#
84%
TORE
82.8%
MAC
81.4%
LORE
80.8%
MIC
73.9%
TORR
73%
#LINE#
60.8%

Today's Daily Dose

You're not logged in!

Compare scores with friends on all Sporcle quizzes.
OR
Log In

Sporcle TV

Today on Sporcle TV


Watch our educational content, quiz creation guides, and fun videos on Sporcle TV.

Show Comments

Extras

Top Quizzes Today


Score Distribution

Paid Content

Your Account Isn't Verified!

In order to create a playlist on Sporcle, you need to verify the email address you used during registration. Go to your Sporcle Settings to finish the process.

Report this User

Report this user for behavior that violates our Community Guidelines.

Details: